An Economics Textbook for Africa. (Record no. 482)
[ view plain ]
| 005 - DATE AND TIME OF LATEST TRANSACTION | |
|---|---|
| control field | 20250621094659.0 |
| 020 ## - INTERNATIONAL STANDARD BOOK NUMBER | |
| International Standard Book Number | 0-416-74060-7 |
| 082 ## - DEWEY DECIMAL CLASSIFICATION NUMBER | |
| Classification number | 330.096 SEI |
| 100 ## - MAIN ENTRY--PERSONAL NAME | |
| Author name | SEIDMAN, A. |
| 245 ## - TITLE STATEMENT | |
| Title | An Economics Textbook for Africa. |
| 250 ## - EDITION STATEMENT | |
| Edition statement | 3rd Ed. |
| 260 ## - PUBLICATION, DISTRIBUTION, ETC. | |
| Place of publication, distribution, etc. | New York, |
| Name of publisher, distributor, etc. | Methuen & Co. Ltd, |
| Date of publication, distribution, etc. | 1980. |
| 300 ## - PHYSICAL DESCRIPTION | |
| Extent | xxii, 346p.: ill.; figure |
| Other physical details | Index & References |
| Dimensions | 21cm |
| 942 ## - ADDED ENTRY ELEMENTS (KOHA) | |
| Source of classification or shelving scheme | Dewey Decimal Classification |
| Koha item type | Books |
| Date last seen | Total checkouts | Full call number | Barcode | Cost, replacement price | Price effective from | Koha item type | Lost status | Source of classification or shelving scheme | Damaged status | Not for loan | Withdrawn status | Home library | Current library | Shelving location | Date acquired | Cost, normal purchase price |
|---|---|---|---|---|---|---|---|---|---|---|---|---|---|---|---|---|
| 03/12/2025 | 330.096 SEI | 0000001852 | 30000.00 | 03/12/2025 | Books | Dewey Decimal Classification | College of Business Education Main Library | College of Business Education Main Library | General Collection | 03/12/2025 | 10000.00 | |||||
| 03/12/2025 | 330.096 SEI | 0000001853 | 30000.00 | 03/12/2025 | Books | Dewey Decimal Classification | College of Business Education Main Library | College of Business Education Main Library | General Collection | 03/12/2025 | 10000.00 | |||||
| 03/12/2025 | 330.096 SEI | 0000001854 | 30000.00 | 03/12/2025 | Books | Dewey Decimal Classification | College of Business Education Main Library | College of Business Education Main Library | General Collection | 03/12/2025 | 10000.00 | |||||
| 03/12/2025 | 330.096 SEI | 0000001855 | 30000.00 | 03/12/2025 | Books | Dewey Decimal Classification | College of Business Education Main Library | College of Business Education Main Library | General Collection | 03/12/2025 | 10000.00 |
